000 00206nam a2200097Ia 4500
008 240331s9999 xx 000 0 und d
082 _bBRO
100 _aBrown, Dan
245 0 _aAngels and demonds
942 _cL
999 _c5860
_d5860